<?xml version="1.0" encoding="UTF-8"?>
<collection xmlns="http://www.loc.gov/MARC21/slim">
 <record>
  <leader>01169nam a2200265 a 4500</leader>
  <controlfield tag="001">697495</controlfield>
  <controlfield tag="008">091028r19961995    enka     b    001 0 eng d</controlfield>
  <datafield tag="010" ind1=" " ind2=" ">
   <subfield code="a">   96139918 </subfield>
  </datafield>
  <datafield tag="020" ind1=" " ind2=" ">
   <subfield code="a">0855983183 (pbk.)</subfield>
  </datafield>
  <datafield tag="040" ind1=" " ind2=" ">
   <subfield code="a">DAID</subfield>
   <subfield code="c">DAID</subfield>
   <subfield code="d">NN</subfield>
   <subfield code="d">DLC</subfield>
  </datafield>
  <datafield tag="082" ind1="0" ind2="0">
   <subfield code="a">362.5/57091724</subfield>
   <subfield code="2">22</subfield>
  </datafield>
  <datafield tag="100" ind1="1" ind2=" ">
   <subfield code="a">Watkins, Kevin.</subfield>
  </datafield>
  <datafield tag="245" ind1="1" ind2="4">
   <subfield code="a">The Oxfam poverty report /</subfield>
   <subfield code="c">Kevin Watkins.</subfield>
  </datafield>
  <datafield tag="260" ind1=" " ind2=" ">
   <subfield code="a">Oxford :</subfield>
   <subfield code="b">Oxfam,</subfield>
   <subfield code="c">c1995.</subfield>
  </datafield>
  <datafield tag="300" ind1=" " ind2=" ">
   <subfield code="a">v, 250 p. :</subfield>
   <subfield code="b">ill. ;</subfield>
   <subfield code="c">25 cm.</subfield>
  </datafield>
  <datafield tag="504" ind1=" " ind2=" ">
   <subfield code="a">Includes bibliographical references (p. 227-242) and index.</subfield>
  </datafield>
  <datafield tag="541" ind1="1" ind2=" ">
   <subfield code="e">00005655</subfield>
  </datafield>
  <datafield tag="650" ind1="1" ind2="0">
   <subfield code="a">Poverty</subfield>
   <subfield code="x">Developing countries.</subfield>
  </datafield>
  <datafield tag="650" ind1=" " ind2="0">
   <subfield code="a">Poverty</subfield>
   <subfield code="x">Government policy</subfield>
   <subfield code="z">Developing countries.</subfield>
  </datafield>
  <datafield tag="650" ind1=" " ind2="0">
   <subfield code="a">Economic assistance</subfield>
   <subfield code="z">Developing countries.</subfield>
  </datafield>
  <datafield tag="710" ind1="2" ind2=" ">
   <subfield code="a">Oxfam.</subfield>
  </datafield>
  <datafield tag="852" ind1="4" ind2=" ">
   <subfield code="a">Ayesha Abed Library</subfield>
   <subfield code="j">General Shelf</subfield>
  </datafield>
  <datafield tag="999" ind1=" " ind2=" ">
   <subfield code="c">5399</subfield>
   <subfield code="d">5399</subfield>
  </datafield>
  <datafield tag="952" ind1=" " ind2=" ">
   <subfield code="0">0</subfield>
   <subfield code="1">0</subfield>
   <subfield code="2">ddc</subfield>
   <subfield code="4">0</subfield>
   <subfield code="6">362_557091724000000_WAT_1995</subfield>
   <subfield code="7">0</subfield>
   <subfield code="9">5257</subfield>
   <subfield code="a">BRACUL</subfield>
   <subfield code="b">BRACUL</subfield>
   <subfield code="c">GEN</subfield>
   <subfield code="d">2009-11-10</subfield>
   <subfield code="g">1120.00</subfield>
   <subfield code="l">0</subfield>
   <subfield code="o">362.557091724 WAT</subfield>
   <subfield code="p">3010005655</subfield>
   <subfield code="r">2009-11-10</subfield>
   <subfield code="t">1</subfield>
   <subfield code="v">2240.00</subfield>
   <subfield code="w">2009-11-10</subfield>
   <subfield code="y">BK</subfield>
  </datafield>
  <datafield tag="952" ind1=" " ind2=" ">
   <subfield code="0">0</subfield>
   <subfield code="1">0</subfield>
   <subfield code="2">ddc</subfield>
   <subfield code="4">0</subfield>
   <subfield code="6">362_557091724000000_WAT_1995</subfield>
   <subfield code="7">0</subfield>
   <subfield code="9">5557</subfield>
   <subfield code="a">BRACUL</subfield>
   <subfield code="b">BRACUL</subfield>
   <subfield code="c">GEN</subfield>
   <subfield code="d">2009-11-19</subfield>
   <subfield code="g">1120.00</subfield>
   <subfield code="l">1</subfield>
   <subfield code="m">4</subfield>
   <subfield code="o">362.557091724 WAT</subfield>
   <subfield code="p">3010005717</subfield>
   <subfield code="r">2020-01-21</subfield>
   <subfield code="s">2019-03-11</subfield>
   <subfield code="t">2</subfield>
   <subfield code="v">2240.00</subfield>
   <subfield code="w">2009-11-19</subfield>
   <subfield code="y">BK</subfield>
  </datafield>
 </record>
</collection>
